| 000 | 00000nam##2200000za#4500 |
| 001 | 9.643201 |
| 003 | CaOODSP |
| 005 | 20210624224047 |
| 007 | cr ||||||||||| |
| 008 | 150407|2001||||xxc|||||o f|0| 0 fre|d |
| 040 | |aCaOODSP|bfre |
| 043 | |an-cn--- |
| 086 | 1 |aEn14-178/2001F-PDF |
| 110 | 1 |aCanada. |bEnvironnement Canada. |
| 245 | 10|aRéduction de la teneur en soufre du carburant diesel routier au Canada : |h[ressource électronique]|bdocument de travail sur l'élaboration du règlement canadien en vue d'une harmonisation avec la nouvelle norme américaine, mai 2001 |
| 260 | |aOttawa - Ontario : |bEnvironnement Canada |c[2001]. |
| 300 | |a21p.|btableaux |
| 590 | |a14-21-Supp|b2014-12-11 |
| 691 | 07|aCarburant diesel|2gcpds |
| 691 | 07|aPollution atmosphérique|2gcpds |
| 775 | 08|tReducing the level of sulphur in Canadian on-road diesel fuel : |w(CaOODSP)9.699120 |
| 856 | 40|ahttp://publications.gc.ca|qPDF|s181 Ko|uhttps://publications.gc.ca/collections/collection_2014/ec/En14-178-2001-fra.pdf |